000 00500nam a22001337a 4500
020 _qPB.
040 _cFIZZA ISHAQ
082 _a338.540
_bJOH
100 _aGALBRAITH,KENNETH JOHN.
_9134388
245 _aTHE GREAT CRASH 1929 THE AUTHOR OF THE AFFLUENT SOCIETY DISCUSSES THE ANATOMY OF FINANCIAL DISASTER AND PROVIDES AN INTRODUCTION WRITTEN FOR THIS EDITION /
_cJOHN KENNETH GALBRAITH.
260 _aNEW YORK ;
_bHOUGHTON MIFFLIN COMPANY,
_c1954.
300 _a212 P. ;
_c8.5X5.2IN
942 _2ddc
_cBK
999 _c617366
_d617366